Top 100 Most Common Words in the Book of Mormon - Statistics

General Stats
  • This quiz has been taken 1,080 times
  • The average score is 37 of 100
Answer Stats
Count Word % Correct
2140 a
96%
3317 I
93%
19165 the
93%
16321 and
80%
3177 he
78%
6441 to
77%
1667 God
75%
2505 be
72%
3077 it
72%
1008 we
67%
3691 in
64%
11756 of
64%
1179 you
64%
474 no
61%
1376 is
60%
4484 they
59%
6868 that
58%
2011 ye
57%
633 do
56%
871 me
56%
2519 for
55%
1642 came
51%
1564 Lord
51%
2071 not
51%
1701 my
49%
599 thou
47%
819 there
46%
1165 are
45%
631 when
45%
1118 will
45%
1525 pass
44%
1780 have
43%
1162 him
43%
2252 his
43%
2651 them
43%
1581 was
43%
2788 Nephi
42%
2805 their
41%
1203 who
41%
1046 as
40%
693 your
39%
552 father
38%
2485 shall
38%
1431 this
38%
469 thy
37%
2016 were
37%
646 if
36%
515 say
36%
1779 all
35%
781 come
35%
796 our
35%
518 us
35%
647 said
33%
3627 unto
33%
691 up
33%
1248 yea
32%
991 but
31%
1515 with
31%
1002 from
30%
1767 had
29%
1178 should
29%
1187 by
27%
1989 did
27%
474 know
27%
1250 land
27%
1753 people
27%
612 would
27%
724 been
26%
590 out
26%
683 into
25%
2295 Alma
24%
531 men
23%
740 these
23%
1230 now
22%
478 those
22%
2205 which
22%
800 because
21%
496 king
21%
507 after
20%
513 may
20%
478 thus
19%
1635 behold
18%
693 Lamanites
18%
747 many
17%
909 things
16%
689 even
14%
663 therefore
14%
1034 also
13%
1077 upon
13%
663 words
13%
478 again
12%
681 great
12%
512 hath
10%
594 Helaman
10%
608 forth
9%
897 Mosiah
9%
557 against
7%
581 among
5%
547 brethren
5%
525 according
2%
No matching quizzes found
Score Distribution
Percent of People with Each Score
Percentile by Number Answered
Your Score History
You have not taken this quiz